Former Countries A-Z - Statistics

General Stats
  • This quiz has been taken 52 times
    16 since last reset
  • The average score is 13 of 26
Answer Stats
Hint Former Country % Correct
A This dual monarchy dissolved after WWI Austria-Hungary
94%
B German monarchy based in Munich Bavaria
81%
C Split peacefully in 1993 into a velvet pair of neighbors Czechoslovakia
75%
I This massive South American empire was conquered by the Spanish in 1530 Inca Empire
69%
R This Mediterranean empire ruled for 500 years Roman Empire
69%
Y The Balkan federation founded on the concept of South Slavic Unity Yugoslavia
69%
K This peninsula was occupied by Japan, and then split in two after WWII Korea
63%
M This fearsome Central Asian empire stretched from Ukraine to the Pacific Mongol Empire
63%
N Became a Canadian province in 1949 Newfoundland
63%
O The "Sick Man of Europe" dissolved after World War I Ottoman Empire
63%
Q The last imperial dynasty of China, which fell in 1912 Qing Dynasty
63%
T Was its own country for nearly ten years before joining the United States Texas
63%
W Annexed by the United Kingdom in the 1500s Wales
63%
Z The short-lived People's Republic that unified with Tanganyika Zanzibar
63%
H Its last monarch was Queen Liliʻuokalani Hawai'i
56%
P Dominant state of the German Empire; abolished after WWII Prussia
56%
V This Italian republic lasted 1,000 years before being dismembered by Napoleon Venice
56%
E Communist state that reunified with its neighbor in 1990 East Germany
50%
U Cold War superpower that dissolved into 14 nations in 1991 USSR
50%
S Capitalist half that reunified after a bloody war in 1976 South Vietnam
38%
G This expansive South American republic was founded by El Libertador Gran Colombia
19%
J Sultanate at the southern tip of the Malay Peninsula Johor
19%
X This is a Chinese Bronze Age state ruled by the Ying family Xu
13%
D Short-lived Napoleonic state located in what is now Poland Duchy of Warsaw
6%
F An independent state absorbed into the Soviet Union in 1922 Far East Republic
0%
L A confederation of territories that was dismantled by surrounding powers in the 1500s Livonia
0%
No matching quizzes found
Score Distribution
Percent of People with Each Score
Percentile by Number Answered
Your Score History
You have not taken this quiz since the last reset